| 000 | 00569nam a2200205Ia 4500 | ||
|---|---|---|---|
| 005 | 20260429112044.0 | ||
| 008 | 260429s9999||||xx |||||||||||||| ||und|| | ||
| 020 | _a9789369673094 | ||
| 041 | _aEnglish | ||
| 082 |
_a004.22 _bKUM |
||
| 100 | _aKumar, Sagar | ||
| 245 | 0 |
_aComputer organization and architecture / _cSagar Kumar |
|
| 250 | _a1st ed. | ||
| 260 |
_aNew Delhi : _bScientific Books International, _c2026. |
||
| 300 | _a254 p.; hb | ||
| 650 | _a Computer organization | ||
| 650 | _a Digital systems | ||
| 650 | _aComputer architecture | ||
| 942 | _cTB | ||
| 999 |
_c52119 _d52119 |
||